Ford on management : warnessing the American sprit

Bibliographic Details
Main Author: Ford, Hanry
Format: Book
Published: Qxford : Basil Blackwell , 1991
Series:Developmental & management
Subjects:

MARC

LEADER 00000cam a2200000 7i4500
001 0000004225
002 000004542
005 20000330.0
020 |a 0631170618 
090 0 0 |a 920   |b FOR 
100 1 |a Ford, Hanry 
245 1 0 |a Ford on management :   |b warnessing the American sprit   |c Hanry Ford 
260 |a Qxford :   |b Basil Blackwell ,   |c 1991 
300 |a 157p. ;   |c 24. 
490 0 |a Developmental & management 
600 0 0 |a Ford, Hendy   |x Biography 
650 0 0 |a Ford car 
999 |a 031235   |b BUKU   |c PINJAMAN   |e PERPUSTAKAAN KOMUNITI PETALING JAYA 
999 |a 031236   |b BUKU   |c PINJAMAN   |e PERPUSTAKAAN KOMUNITI PETALING JAYA